Microplastic Pollution:Occurance,Health Risk and Challenges/ (Record no. 752321)

MARC details
000 -LEADER
fixed length control field 00510nam a22001457a 4500
020 ## - INTERNATIONAL STANDARD BOOK NUMBER
ISBN 978-1-032-70653-5
082 ## - DEWEY DECIMAL CLASSIFICATION NUMBER
Classification number 628.52 KAT
100 ## - MAIN ENTRY--AUTHOR NAME
Personal name Kataria,Navish and Garg,Vinod Kumar (et al) Ed
245 ## - TITLE STATEMENT
Title Microplastic Pollution:Occurance,Health Risk and Challenges/
Statement of responsibility, etc by Navish Kataria and Vinod Kumar Garg (et al)Ed
260 ## - PUBLICATION, DISTRIBUTION, ETC. (IMPRINT)
Place of publication .-Boca Raton
Name of publisher :CRC Press
Year of publication ,2025
300 ## - PHYSICAL DESCRIPTION
Number of Pages xxi,336p.
700 ## - ADDED ENTRY--PERSONAL NAME
Personal name Kataria,Navish and Garg,Vinod Kumar (et al) Ed
942 ## - ADDED ENTRY ELEMENTS (KOHA)
Source of classification or shelving scheme Dewey Decimal Classification
Koha item type Book
Holdings
Withdrawn status Lost status Source of classification or shelving scheme Damaged status Not for loan Home Library Current Location Shelving location Date acquired Full call number Accession Number Price effective from Koha item type
    Dewey Decimal Classification     Dept. of Aquatic Biology and Fisheries Dept. of Aquatic Biology and Fisheries General Stacks 29/09/2025 628.52 KAT AQU6582 22/10/2025 Book